Fundamentals of Heat and Mass Transfer 6th (Record no. 564939)

000 -LEADER
fixed length control field 00342nam a2200121Ia 4500
008 - FIXED-LENGTH DATA ELEMENTS--GENERAL INFORMATION
fixed length control field 210430s9999 xx 000 0 und d
082 ## - DEWEY DECIMAL CLASSIFICATION NUMBER
Classification number 621.4022 I 36 F
100 ## - MAIN ENTRY--PERSONAL NAME
Personal name Incropera DeWitt
9 (RLIN) 54372
245 ## - TITLE STATEMENT
Title Fundamentals of Heat and Mass Transfer 6th
Statement of responsibility, etc. Incropera DeWitt
260 ## - PUBLICATION, DISTRIBUTION, ETC.
Place of publication, distribution, etc. India
Name of publisher, distributor, etc. Wiley
Date of publication, distribution, etc. 2011
300 ## - PHYSICAL DESCRIPTION
Extent 925 p
942 ## - ADDED ENTRY ELEMENTS (KOHA)
Koha item type Book
Source of classification or shelving scheme
Holdings
Withdrawn status Lost status Damaged status Not for loan Collection code Permanent Location Current Location Shelving location Date acquired Total Checkouts Full call number Barcode Date last seen Price effective from Koha item type
          School of Chemical & Materials Engineering (SCME) School of Chemical & Materials Engineering (SCME) General Stacks 10/13/9   621.4022 I 36 F SCME-4217 08/16/2022 04/30/2021 Reference
© 2023 Central Library, National University of Sciences and Technology. All Rights Reserved.